The Traveling Wilburys Songs - Statistics

General Stats
  • This quiz has been taken 27 times
  • The average score is 13 of 25
Answer Stats
Album Answer % Correct
Volume 1 End of the line
100%
Volume 1 Handle with care
85%
Volume 3 Wilbury twist
85%
Volume 1 Tweeter and the monkey man
75%
Volume 1 Heading for the light
70%
Volume 1 Last Night
70%
Volume 3 Inside out
65%
Volume 1 Congratulations
60%
Volume 1 Dirty World
60%
Volume 1 Not alone anymore
60%
Volume 1 Margarita
55%
Volume 1 Rattled
55%
Volume 3 Cool dry place
40%
Bonus track Runaway
40%
Volume 3 Shes my baby
40%
Volume 3 7 deadly sins
35%
Bonus track Maxine
35%
Volume 3 New Blue Moon
35%
Bonus track Nobodys child
35%
Volume 3 Poorhouse
35%
Bonus track Like a ship
30%
Volume 3 Where were you last night
30%
Volume 3 You took my breath away
30%
Volume 3 Devils been busy
25%
Volume 3 If you belonged to me
25%
No matching quizzes found
Score Distribution
Percent of People with Each Score
Percentile by Number Answered
Your Score History
You have not taken this quiz